000 00339nam a2200145Ia 4500
008 150201s2009 xx 000 0 und d
082 _a610.73678
_bM09F
100 _aFRASER, DIANE M.
245 _aMYLES TB. FOR MIDWIVES
250 _a15TH
260 _bELSEVIER
_aINDIA
_c2009
300 _a1122
650 _aMIDWIVES
942 _2ddc
_cBK
999 _c2195
_d2195